My reminiscences /

Bibliographic Details
Main Author: Tagore, Rabindranath, 1861-1941
Other Authors: Tagore, Surendranath (Translator)
Format: Book
Language:English
Published: New York : The Macmillan Company, 1917.

MARC

Tag First Indicator Second Indicator Subfields
LEADER 00000cam a2200000 4500
001 in00000015222
005 20151007053016.0
008 721030s1917 nyua 00010aeng d
035 |a (OCoLC)00479474 
035 |9 AAB0037AM 
040 |a KSU  |c KSU  |d m.c.  |d OCL  |d TXA  |d UtOrBLW 
041 1 |a eng  |h und 
049 |a TXAM  |c [A11043961] 
050 4 |a PR6039.A8  |b Z53 
100 1 |a Tagore, Rabindranath,  |d 1861-1941. 
245 1 0 |a My reminiscences /  |c by Sir Rabindranath Tagore; with frontispiece from the portrait in colors by Sasi Kumar Hesh. 
264 1 |a New York :  |b The Macmillan Company,  |c 1917. 
300 |a 273 pages :  |b illustrations ;  |c 19 cm. 
336 |a text  |b txt  |2 rdacontent 
337 |a unmediated  |b n  |2 rdamedia 
338 |a volume  |b nc  |2 rdacarrier 
500 |a Translated by Surendranath Tagore. 
700 1 |a Tagore, Surendranath,  |e translator. 
999 |a MARS 
999 f f |s b37303e8-9357-3666-991b-b7d94e350d36  |i 8fd0f67e-607b-3f8f-b6c4-88041b8637be  |t 0 
952 f f |p normal  |a Texas A&M University  |b College Station  |c Sterling C. Evans Library  |d Evans: Library Stacks  |t 0  |e PR6039.A8 Z53  |h Library of Congress classification  |i unmediated -- volume  |m A14811043961 
998 f f |a PR6039.A8 Z53  |t 0  |l Evans: Library Stacks